Chatbots as Language Learning Companions An Investigation into the Potential of AI Conversational Agents in Language Learning

Salvato in:
Dettagli Bibliografici
Autore principale: Krausová, Hana
Ente Autore: Fakulta aplikovaných jazykov EU v Bratislave. Katedra jazykovedy a translatológie
Altri autori: Biliková, Beáta, 1971-
Natura: Libro
Lingua:inglese
Pubblicazione: Bratislava 2025
Tags: Aggiungi Tag
Nessun Tag, puoi essere il primo ad aggiungerne!!

MARC

LEADER 00000nbm a2200000 4500
001 0308963
005 20260304123825.8
041 0 |a eng 
044 |a SK 
245 1 0 |a Chatbots as Language Learning Companions  |b An Investigation into the Potential of AI Conversational Agents in Language Learning  |c Hana Krausová ; školiteľ: Beáta Biliková 
264 1 |a Bratislava  |c 2025 
300 |a 66 s. 
100 1 |a Krausová, Hana 
700 1 |a Biliková, Beáta, 1971- 
710 2 |a Fakulta aplikovaných jazykov EU v Bratislave. Katedra jazykovedy a translatológie